Statistics for Kansas Basketball: Scoring Leader Every Year

Click here to take the quiz!

General Stats

  • This quiz has been taken 97 times
    (49 since last reset)
  • The average score is 18 of 74

Answer Stats

YearPlayerAverage% Correct
2016-2017Frank Mason III20.9
80%
2017-2018Devonte' Graham17.3
70%
2021-2022Ochai Agbaji18.8
68%
2020-2021Ochai Agbaji14.1
68%
1957-1958Wilt Chamberlain30.1
66%
1956-1957Wilt Chamberlain29.6
66%
2013-2014Andrew Wiggins17.1
61%
1987-1988Danny Manning24.8
61%
1986-1987Danny Manning23.9
61%
1985-1986Danny Manning16.7
61%
2019-2020Devon Dotson18.1
59%
2010-2011Marcus Morris17.2
52%
1997-1998Paul Pierce20.4
52%
2014-2015Perry Ellis13.8
52%
2015-2016Perry Ellis16.9
52%
2009-2010Sherron Collins15.5
48%
2008-2009Sherron Collins18.9
48%
2011-2012Thomas Robinson17.7
48%
2002-2003Nick Collison18.5
43%
2012-2013Ben McLemore15.9
41%
2006-2007Brandon Rush13.8
41%
2005-2006Brandon Rush13.5
41%
2007-2008Brandon Rush13.3
41%
2018-2019Dedric Lawson19.4
41%
1996-1997Raef LaFrentz18.5
27%
1995-1996Raef LaFrentz13.4
27%
1968-1969Dave Robisch / Jo Jo White18.1
25%
2001-2002Drew Gooden19.8
25%
2000-2001Drew Gooden15.8
25%
1967-1968Jo Jo White15.3
25%
2004-2005Wayne Simien20.3
20%
2003-2004Wayne Simien17.8
20%
1949-1950Clyde Lovellette21.8
18%
1951-1952Clyde Lovellette28.4
18%
1950-1951Clyde Lovellette22.8
18%
1971-1972Bud Stallworth25.3
14%
1979-1980Darnell Valentine16.5
14%
1978-1979Darnell Valentine16.1
14%
1977-1978Darnell Valentine13.5
14%
1970-1971Dave Robisch19.2
11%
1969-1970Dave Robisch26.5
11%
1983-1984Carl Henry16.8
7%
1982-1983Carl Henry17.4
7%
1998-1999Eric Chenowith13.5
7%
1994-1995Jerod Haase15.0
7%
1991-1992Rex Walters16.0
7%
1992-1993Rex Walters15.3
7%
1990-1991Terry Brown16.0
7%
1965-1966Walt Wesley20.7
7%
1964-1965Walt Wesley23.5
7%
1952-1953B.H. Born19.0
5%
1973-1974Danny Knight12.4
5%
1948-1949Gene Peterson11.6
5%
1984-1985Ron Kellogg17.6
5%
1980-1981Tony Guy15.8
5%
1954-1955Dallas Dobbs15.9
2%
1955-1956Dallas Dobbs16.7
2%
1981-1982David Magley17.3
2%
1962-1963George Unseld17.3
2%
1963-1964George Unseld18.4
2%
1961-1962Jerry Gardner20.7
2%
1976-1977John Douglas19.2
2%
1999-2000Kenny Gregory12.8
2%
1989-1990Kevin Pritchard14.5
2%
1988-1989Milt Newton17.7
2%
1975-1976Norm Cook14.8
2%
1974-1975Rick Suttle14.6
2%
1972-1973Rick Suttle16.3
2%
1966-1967Roger Bohnenstiehl16.4
2%
1958-1959Ron Loneski19.0
2%
1993-1994Steve Woodberry15.5
2%
1959-1960Wayne Hightower21.8
2%
1960-1961Wayne Hightower20.7
2%
1953-1954Harold Patterson19.6
0%

Score Distribution

Percentile by Number Answered

Percent of People with Each Score

Your Score History

You have not taken this quiz since the last reset